| 000 | 01618 a2200229 4500 | ||
|---|---|---|---|
| 001 | 32479 | ||
| 005 | 20260407155623.0 | ||
| 008 | 260407a2014 arg spa d | ||
| 003 | AR-UNSa-BCEJYS | ||
| 040 |
_aAR-UNSa-BCEJYS _bspa _cAR-UNSa-BCEJYS |
||
| 080 |
_a342.4 _xConstituciones. Asambleas legislativas. Asambleas nacionales (Reforma...) |
||
| 245 | 1 | 0 |
_aLa reelección en las constituciones de Salta _pLa tradición de 177 años sin reelección. El reeleccionismo. El futuro de Salta |
| 020 | _a978-987-698-068-5 | ||
| 264 | 1 |
_aSalta : _bMundo Gráfico Salta _c2014 |
|
| 300 |
_a155 p. _c22 cm. |
||
| 505 | _aIntroducción; 1° Parte: La tradición no reeleccionista; La constitución de 1821; La constitución de 1855; La constitución de 1875,1882,1888 y 1906; La constitución de 1929; La constitución de 1949; La constitución de 1986. -- 2° Parte: El Reeleccionismo; Planteo del Tema; La constitución Nacional y la reelección, Las constituciones prvinciales y la reelección; ¿Es posible declarar la necesidad de la reforma de la constitución a través de una consulta popular?; La reforma provincial del año 1998; La reforma provincial del 2003; ¿Como interpretar el artículo 140 de la constitución de la provincia luego de la reforma del año 2003?; El futuro de Salta: Mirar para otro lado o construir una democracia de calidad para el siglo XXI. Bibliografía. | ||
| 041 | _aspa | ||
| 942 | _cBK | ||
| 590 | _aniveau_biblio:m niveau_hierar:0 | ||
| 100 | 1 | _aGómez Diez, Ricardo | |
| 856 | 4 | 1 |
_uhttps://biblioeco.unsa.edu.ar/pmb/images/libros/reeleccion_gomez.jpg _yImagen de portada _qimage/jpeg |
| 999 |
_c2284 _d2284 |
||